000 00551nam a2200181 a 4500
001 000028151
005 20200930031407.0
008 110407s1985 dr ac 000 0 spa d
040 _aDO-SdBNP
_bspa
_cBNPHU
082 _axxx
_bC679n
100 1 _aCoiscou Weber, Rodolfo
_919739
245 1 0 _a"Los nuevos" /
_cRodolfo Coiscou Weber.
260 _aSanto Domingo :
_bLibros y Textos,
_c1985.
300 _a[48 p.] :
_bil. ; retrs. ;
_c16 cm.
490 1 _aAntologĂ­a de nuestra voz
_v14
830 0 _aAntologĂ­a de nuestra voz
_n14
_955152
049 _aBNPD
999 _c27643
_d27643